Catalog

Record Details

Catalog Search



Daredevil epic collection. 1972-1974. Going out ... Read More

Available copies

  • 1 of 1 copy available at LARL/NWRL Consortium.

Current holds

0 current holds with 1 total copy.

Show Only Available Copies
Location Call Number / Copy Notes Barcode Shelving Location Status Due Date
Crookston Public Library Y G DAR (Text) 33500013538236 Main Available -

Record details

  • ISBN: 1302933558
  • ISBN: 9781302933555
  • Physical Description: 1 volume : chiefly illustrations (colour) ; 26 cm.
  • Publisher: New York, NY : Marvel Worldwide, Inc., 2021.

Content descriptions

General Note:
Contains material originally published in magazine form as Daredevil (1964) #87-107 and Avengers ... Read More
Summary, etc.:
“Daredevil and the Black Widow ditch New York City ... Read More
Target Audience Note:
Rated T.
Subject: Daredevil (Fictitious character from Marvel Comics Group) > Comic books, strips, etc.
Black Widow (Fictitious character) > Comic books, strips, etc.
Superheroes > Comic books, strips, etc.
LDR 02864cam a2200541Ii 4500
001385860
003LARL_NWRL_CONSORTIUM
00520220224172011.0
008210710s2021 nyua 6 000 1 eng d
040 . ‡aYDX ‡beng ‡cYDX ‡dBDX ‡dKCK
020 . ‡a1302933558
020 . ‡a9781302933555
035 . ‡a(OCoLC)1259585609
08204. ‡a741.5/973 ‡223
24500. ‡aDaredevil epic collection. ‡p1972-1974. ‡pGoing out west/ ‡cwriters, Gerry Conway & Steve Gerber with Chris Claremont & Steve Englehart ; pencilers, Gene Colan & Don Heck with Sam Kweskin, Rich Buckler, Syd Shores, Jim Starlin & Bob Brown.
24630. ‡aGoing out west
264 1. ‡aNew York, NY : ‡bMarvel Worldwide, Inc., ‡c2021.
300 . ‡a1 volume : ‡bchiefly illustrations (colour) ; ‡c26 cm.
336 . ‡atext ‡btxt ‡2rdacontent
336 . ‡astill image ‡bsti ‡2rdacontent
337 . ‡aunmediated ‡bn ‡2rdamedia
338 . ‡avolume ‡bnc ‡2rdacarrier
4900 . ‡aDaredevil. Epic collection ; ‡v5
500 . ‡aContains material originally published in magazine form as Daredevil (1964) #87-107 and Avengers (1963) #111.
520 . ‡a“Daredevil and the Black Widow ditch New York City and are going out West to get some peace, love and appreciation. No, scratch that. It’s new challenges and classic villains alike—Electro, Killgrave the Purple Man and Mr. Fear, just name a few. All courtesy of writer Gerry Conway and the unmatched art team of Gene Colan and Tom Palmer! Then, Steve Gerber introduces adversaries weirder than anything on Haight-Ashbury. The Dark Messiah and Angar the Screamer lead the charge until Stilt-Man comes to strut his way across the Golden Gate. Topped off with a crossover adventure co-starring the Avengers and X-Men, a Spidey team-up and a fight with Kraven the Hunter that turns decidedly cosmic”—Back cover.
521 . ‡aRated T.
60000. ‡aDaredevil ‡c(Fictitious character from Marvel Comics Group) ‡vComic books, strips, etc.
60000. ‡aBlack Widow ‡c(Fictitious character) ‡vComic books, strips, etc.
650 0. ‡aSuperheroes ‡vComic books, strips, etc.
7001 . ‡aConway, Gerry, ‡eauthor. ‡0(LARL_NWRL_CONSORTIUM)185288
7001 . ‡aGerber, Steve, ‡d1947-2008, ‡eauthor.
7001 . ‡aClaremont, Chris, ‡d1950- ‡eauthor. ‡0(LARL_NWRL_CONSORTIUM)91360
7001 . ‡aEnglehart, Steve, ‡eauthor. ‡0(LARL_NWRL_CONSORTIUM)108006
7001 . ‡aColan, Gene, ‡eartist. ‡0(LARL_NWRL_CONSORTIUM)85775
7001 . ‡aHeck, Don, ‡eartist. ‡0(LARL_NWRL_CONSORTIUM)186244
7001 . ‡aKweskin, Sam, ‡eartist.
7001 . ‡aBuckler, Rich, ‡eartist. ‡0(LARL_NWRL_CONSORTIUM)86500
7001 . ‡aShores, Syd, ‡d1913-1973, ‡eartist.
7001 . ‡aStarlin, Jim, ‡eartist. ‡0(LARL_NWRL_CONSORTIUM)91549
7001 . ‡aBrown, Bob, ‡d1915-1977, ‡eartist.
901 . ‡a385860 ‡b ‡c385860 ‡tbiblio

Additional Resources